Statistics for Actors by Their Roles #2

Click here to take the quiz!

General Stats

  • This quiz has been taken 25 times
  • The average score is 10 of 35

Answer Stats

MovieRoleActor% Correct
GoldenEyeJames BondPierce Brosnan
78%
ArgoTony MendezBen Affleck
74%
The Wizard of OzDorothy GaleJudy Garland
74%
BlowMirtha JungPenélope Cruz
65%
FridaFrida KahloSalma Hayek
57%
Murder on the Orient ExpressHercule PoirotKenneth Branagh
52%
The UntouchablesJim MaloneSean Connery
52%
The Mountain Between UsBen BassIdris Elba
43%
Inside ManDalton RussellClive Owen
39%
Law Abiding CitizenClyde SheltonGerard Butler
39%
Lone SurvivorMarcus LuttrellMark Wahlberg
39%
PlatoonSergeant Elias GordonWillem Dafoe
35%
Jagged EdgeJack ForresterJeff Bridges
30%
Anchorman: The Legend of Ron BurgundyBrian FontanaPaul Rudd
30%
Children of MenJulian TaylorJulianne Moore
26%
ColombianaCataleya RestropoZoe Saldana
26%
CapoteNelle Harper LeeCatherine Keener
22%
I, TonyaJeff GilloolySebastian Stan
22%
True GritMattie RossHailee Steinfeld
17%
Cirque du Freak: The Vampire's AssistantLarten CrepsleyJohn C. Reilly
17%
Journey to the Center of the EarthSean AndersonJosh Hutcherson
17%
The PurgeMary SandinLena Headey
17%
Quantum of SolaceCamille MontesOlga Kurylenko
17%
The Invisible ManJames LanierAldis Hodge
13%
San AndreasBlake GainesAlexandra Daddario
13%
Pain & GainAdrian DoorbalAnthony Mackie
13%
Spy KidsIngrid CortezCarla Gugino
13%
EvolutionDr. Ira KaneDavid Duchovny
13%
Romeo Must DieIsaak O'DayDelroy Lindo
13%
RavenousCapt. John BoydGuy Pearce
13%
Mission: Impossible - FalloutAugust WalkerHenry Cavill
13%
The PossessionClyde BrenekJeffrey Dean Morgan
13%
A Man ApartSean VetterVin Diesel
13%
Antwone FisherEva May FisherViola Davis
13%
American UnderdogKurt WarnerZachary Levi
13%

Score Distribution

Percentile by Number Answered

Percent of People with Each Score

Your Score History

You have not taken this quiz